Lógica fluida. La alternativa a la lógica tradicional.

Saved in:
Bibliografiske detaljer
Hovedforfatter: Bono, Edward de (autor)
Format: Bog
Udgivet: Barcelona, España: Paidós, 2022.
Udgivelse:1.ª edición en esta presentación.
Serier:Biblioteca Edward de Bono.
Fag:
Tags: Tilføj Tag
Ingen Tags, Vær først til at tagge denne postø!

MARC

LEADER 00000nam a22000007a 4500
003 CL-VaPUC
005 20240503100006.0
008 240425t2022 ||||| |||| 00| 0 eng d
999 |c 443632  |d 443630 
020 |a 978-84-493-3950-9 
040 |c Pontificia Universidad Católica de Valparaíso 
082 |2 22  |a 153.43 BON 2022 
100 |9 425861  |a Bono, Edward de  |e autor 
245 |a Lógica fluida.  |b La alternativa a la lógica tradicional.  
250 |a 1.ª edición en esta presentación.  
260 |a Barcelona, España:  |b Paidós,   |c 2022. 
300 |a 185 páginas.  
490 |a Biblioteca Edward de Bono. 
500 |a c.1. Donación Editorial Planeta / MEMO NEG/01-22-4-2024 
583 |c 20240425  |k GC 
650 0 |9 266750  |a Percepción   |x Mecanismos mentales 
650 0 |9 886829  |a Razonamiento lógico  |x Resolución de problemas 
650 0 |9 310706  |a Pensamiento creativo  |v Análisis psicológico  
942 |2 ddc  |c BK 
952 |0 0  |1 0  |2 ddc  |4 0  |6 153_430000000000000_BON_2022  |7 0  |8 A  |9 594287  |a BIBENE  |b BIBENE  |d 2024-04-25  |e Donación   |i 5660004  |o 153.43 BON 2022  |p 5660004  |r 2025-01-15  |t 1  |w 2024-04-25  |y BK  |k ICO